Влияние мощных электромагнитных импульсов на физико-химические и флотационные свойства сульфидных минералов; Химия и химическая технология на рубеже тысячелетий

Bibliografski detalji
Parent link:Химия и химическая технология на рубеже тысячелетий.— 2004.— [С. 262-264]
Glavni autor: Бунин И. Ж.
Daljnji autori: Иванова Т. А., Недосекина Т. В.
Sažetak:Заглавие с титульного листа
Электронная версия печатной публикации
Jezik:ruski
Izdano: 2004
Teme:
Online pristup:http://www.lib.tpu.ru/fulltext/v/Conferences/2004/K01/41182.pdf
Format: MixedMaterials Elektronički Poglavlje knjige
KOHA link:https://koha.lib.tpu.ru/cgi-bin/koha/opac-detail.pl?biblionumber=219479

MARC

LEADER 00000naa2a2200000 4500
001 219479
005 20260203162947.0
035 |a (RuTPU)RU\TPU\book\239545 
035 |a RU\TPU\book\239537 
090 |a 219479 
100 |a 20120709d2004 k y0rusy50 ca 
101 0 |a rus 
102 |a RU 
135 |a drnn ---uucaa 
181 0 |a i  
182 0 |a b 
200 1 |a Влияние мощных электромагнитных импульсов на физико-химические и флотационные свойства сульфидных минералов  |f И. Ж. Бунин, Т. А. Иванова, Т. В. Недосекина 
203 |a Текст  |c электронный 
215 |a 1 файл (318 Кб) 
300 |a Заглавие с титульного листа 
300 |a Электронная версия печатной публикации 
337 |a Adobe Reader 
463 1 |0 (RuTPU)RU\TPU\book\74583  |t Химия и химическая технология на рубеже тысячелетий  |o материалы III Всероссийской научной конференции, Томск, 2-4 сентября 2004 г.  |f Российское химическое общество им. Д. И. Менделеева; Химия и химическая технология на рубеже тысячелетий. Всероссийская научная конференция; Российская Академия естествознания; Администрация Томской области; ООО "Томскнефтехим"; ЗАО "Метанол"; Томский политехнический университет  |v [С. 262-264]  |d 2004 
610 1 |a электромагнитные импульсы 
610 1 |a сульфидные минералы 
610 1 |a флотационные свойства 
610 1 |a физико-химические характеристики 
610 1 |a наносекундные процессы 
610 1 |a пириты 
610 1 |a электронный ресурс 
700 1 |a Бунин  |b И. Ж. 
701 1 |a Иванова  |b Т. А. 
701 1 |a Недосекина  |b Т. В. 
801 1 |a RU  |b 63413507  |c 20120529 
801 2 |a RU  |b 63413507  |c 20120709  |g RCR 
856 4 |u http://www.lib.tpu.ru/fulltext/v/Conferences/2004/K01/41182.pdf 
942 |c CF